Environmentálny marketing

Environmentálny alebo ekologický marketing ako ucelená orientácia firmy smerom k ekologickým otázkam, ktorá je daná vzťahom k životnému prostrediu a prejavuje sa v cieľoch, stratégiách a konkrétnych marketingových mixoch firmy.

Saved in:
Bibliographic Details
Main Author: Balhar, Vítězslav, Jr
Format: Book Chapter
Language:Slovak
Subjects:
Tags: Add Tag
No Tags, Be the first to tag this record!

MARC

LEADER 00000nla$a2200000$$$4500
001 0146166
005 20240502072633.5
041 0 |a slo 
044 |a SK 
245 1 0 |a Environmentálny marketing  |c Vítězslav Balhar 
520 |a Environmentálny alebo ekologický marketing ako ucelená orientácia firmy smerom k ekologickým otázkam, ktorá je daná vzťahom k životnému prostrediu a prejavuje sa v cieľoch, stratégiách a konkrétnych marketingových mixoch firmy. 
610 2 0 |a marketing environmentálny 
610 2 0 |a stratégia marketingová 
610 2 0 |a marketing mix 
610 2 0 |a nástroje marketingové 
610 2 0 |a prostredie životné 
610 2 0 |a zodpovednosť spoločenská 
100 1 |a Balhar, Vítězslav, Jr.